Nghiên cứu tổng hợp copolymer ghép Chitin – Axit acrylic và ứng dụng hấp phụ Pb2+

Từ vỏ tôm điều chế chitin và sau đó, bằng phương pháp đồng trùng hợp ghép với axit acrylic tạo ra được sản phẩm copolyme ghép có khả năng hấp phụ ion Pb2+ trong dung dịch nước.

Shranjeno v:
Bibliografske podrobnosti
Glavni avtor: Phan Trần Như Ngọc
Drugi avtorji: Trần Mạnh Lục TS. (Hướng dẫn)
Format: Knjiga
Jezik:Vietnamese
Izdano: Đà Nẵng Đại học Đà Nẵng 2015
Teme:
Oznake: Označite
Brez oznak, prvi označite!
Thư viện lưu trữ: Mạng thư viện Đại học Đà Nẵng
LEADER 01714nam a2200361 4500
001 000023811
003 20264
005 20160325140326.0
008 160314s2015 viesd
041 |a vie 
082 1 4 |a 660.299  |b PH-N 
100 1 |a Phan Trần Như Ngọc 
245 1 |a Nghiên cứu tổng hợp copolymer ghép Chitin – Axit acrylic và ứng dụng hấp phụ Pb2+  |c Phan Trần Như Ngọc ; Trần Mạnh Lục hướng dẫn.  |k Luận văn Thạc sĩ 
260 |a Đà Nẵng  |b Đại học Đà Nẵng  |c 2015 
300 |a 83 tr. ; phụ lục 5 tr.  |c 29 cm.  |e Tóm tắt 
500 |a Luận văn thạc sĩ Khoa học. Chuyên ngành: Hóa hữu cơ. Mã số: 60.44.01.14 
520 3 |a Từ vỏ tôm điều chế chitin và sau đó, bằng phương pháp đồng trùng hợp ghép với axit acrylic tạo ra được sản phẩm copolyme ghép có khả năng hấp phụ ion Pb2+ trong dung dịch nước. 
650 0 4 |a Phản ứng đồng trùng hợp ghép  |v Luận văn tốt nghiệp  |x Nghiên cứu 
653 |a Phản ứng đồng trùng hợp ghép 
653 |a Hóa hữu cơ 
653 |a Axit Acrylic 
653 |a Hấp phụ 
700 1 |a Trần Mạnh Lục  |c TS.  |e Hướng dẫn 
OWN |a LSP 
AVA |a UDN50  |b LSP  |d 660.299 PH-N  |e available  |t Error 5001 Not defined in file expand_doc_bib_avail.  |f 1  |g 0  |h N  |i 0  |k 1 
999 |a From the UDN01 
AVA |a UDN50  |b LSP  |d 660.299 PH-N  |e available  |t Error 5001 Not defined in file expand_doc_bib_avail.  |f 1  |g 0  |h N  |i 0  |k 1 
TYP |a Monograph 
TYP |a Printed language 
980 |a Mạng thư viện Đại học Đà Nẵng